History Quiz

Random History or Art Quiz

British Museum Collection Quiz Stats

 Plays Quiz Updated Aug 22, 2015

Also try: Sporcle Museum
Challenge
Share
Tweet
Score 0/22 Timer 06:00
5 Plays Today
% Correct
Greece
98.9%
Japan
92.5%
United Kingdom
90.1%
Italy
90%
Egypt
87.3%
Mexico
85.2%
United States
83.2%
China
82%
Peru
81.6%
Iraq
78.7%
Turkey
78.4%
% Correct
Canada
78.2%
Israel
73.9%
Germany
73.9%
Denmark (Greenland)
66.6%
Spain
60.5%
Tunisia
52.4%
France
51.7%
Honduras
43.2%
Indonesia
33.8%
India
27.6%
Colombia
13.5%

You're not logged in!

Compare scores with friends on all Sporcle quizzes.
OR
Log In

You Might Also Like...

Show Comments

Extras

Top Quizzes Today


Score Distribution

Your Account Isn't Verified!

In order to create a playlist on Sporcle, you need to verify the email address you used during registration. Go to your Sporcle Settings to finish the process.

Report this User

Report this user for behavior that violates our Community Guidelines.

Details: